| 000 | 00342nam a2200109Ia 4500 | ||
|---|---|---|---|
| 008 | 200302s9999 xx 000 0 und d | ||
| 100 | _aCharles W. Harris and Others | ||
| 245 | _aTime-saver standards for landscape architecture design and construction data 2nd ed. | ||
| 260 | _bMc Graw Hill Education Pvt. Ltd. | ||
| 260 | _c2017 | ||
| 300 | _a927 | ||
| 999 |
_c6088 _d6088 |
||